<?xml version="1.0" encoding="UTF-8"?>
<record
    xmlns:xsi="http://www.w3.org/2001/XMLSchema-instance"
    xsi:schemaLocation="http://www.loc.gov/MARC21/slim http://www.loc.gov/standards/marcxml/schema/MARC21slim.xsd"
    xmlns="http://www.loc.gov/MARC21/slim">

  <leader>00825pam a2200253 a 4500</leader>
  <controlfield tag="001">1461049</controlfield>
  <controlfield tag="003">OSt</controlfield>
  <controlfield tag="005">20150408114221.0</controlfield>
  <controlfield tag="008">860606s2014    caua          001 0 eng  </controlfield>
  <datafield tag="010" ind1=" " ind2=" ">
    <subfield code="a">   86013594 </subfield>
  </datafield>
  <datafield tag="020" ind1=" " ind2=" ">
    <subfield code="a">9781292025148</subfield>
  </datafield>
  <datafield tag="040" ind1=" " ind2=" ">
    <subfield code="a">DLC</subfield>
    <subfield code="c">DLC</subfield>
    <subfield code="d">DLC</subfield>
  </datafield>
  <datafield tag="050" ind1="0" ind2="0">
    <subfield code="a">QA184</subfield>
    <subfield code="b">.B38 1987</subfield>
  </datafield>
  <datafield tag="082" ind1="0" ind2="0">
    <subfield code="a">512.5</subfield>
    <subfield code="2">22</subfield>
    <subfield code="b">BRL</subfield>
  </datafield>
  <datafield tag="100" ind1="1" ind2=" ">
    <subfield code="a">Barnett, Raymond A.</subfield>
  </datafield>
  <datafield tag="245" ind1="1" ind2="0">
    <subfield code="a">Linear algebra :</subfield>
    <subfield code="b">an introduction with applications /</subfield>
    <subfield code="c">Raymond A. Barnett, Michael R. Ziegler.</subfield>
  </datafield>
  <datafield tag="260" ind1=" " ind2=" ">
    <subfield code="a">San Francisco, Calif. :</subfield>
    <subfield code="b">Dellen Pub. Co. ;</subfield>
    <subfield code="a">London :</subfield>
    <subfield code="b">Collier Macmillan,</subfield>
    <subfield code="c">2014</subfield>
  </datafield>
  <datafield tag="300" ind1=" " ind2=" ">
    <subfield code="a">xi, 617, 32, 4 p. :</subfield>
    <subfield code="b">ill. (some col.) ;</subfield>
    <subfield code="c">25 cm.</subfield>
  </datafield>
  <datafield tag="500" ind1=" " ind2=" ">
    <subfield code="a">Includes index.</subfield>
  </datafield>
  <datafield tag="650" ind1=" " ind2="0">
    <subfield code="a">Algebras, Linear.</subfield>
  </datafield>
  <datafield tag="700" ind1="1" ind2=" ">
    <subfield code="a">Ziegler, Michael R.</subfield>
    <subfield code="9">37399</subfield>
  </datafield>
  <datafield tag="906" ind1=" " ind2=" ">
    <subfield code="a">7</subfield>
    <subfield code="b">cbc</subfield>
    <subfield code="c">orignew</subfield>
    <subfield code="d">1</subfield>
    <subfield code="e">ocip</subfield>
    <subfield code="f">19</subfield>
    <subfield code="g">y-gencatlg</subfield>
  </datafield>
  <datafield tag="942" ind1=" " ind2=" ">
    <subfield code="2">ddc</subfield>
    <subfield code="c">BOOK</subfield>
  </datafield>
  <datafield tag="999" ind1=" " ind2=" ">
    <subfield code="c">35449</subfield>
    <subfield code="d">269949</subfield>
  </datafield>
  <datafield tag="952" ind1=" " ind2=" ">
    <subfield code="1">0</subfield>
    <subfield code="2">2014-07-08</subfield>
    <subfield code="4">0</subfield>
    <subfield code="7">0</subfield>
    <subfield code="a">512.5 BRL</subfield>
    <subfield code="d">2014-07-08</subfield>
    <subfield code="h">CL</subfield>
    <subfield code="i">00652091</subfield>
    <subfield code="m">CL</subfield>
    <subfield code="q">2016-02-11</subfield>
    <subfield code="r">2016-05-11 00:00:00</subfield>
    <subfield code="t">BOOK</subfield>
    <subfield code="w">ddc</subfield>
    <subfield code="y">1</subfield>
  </datafield>
  <datafield tag="952" ind1=" " ind2=" ">
    <subfield code="1">0</subfield>
    <subfield code="2">2014-07-08</subfield>
    <subfield code="4">0</subfield>
    <subfield code="7">0</subfield>
    <subfield code="a">512.5 BRL</subfield>
    <subfield code="d">2014-07-08</subfield>
    <subfield code="h">CL</subfield>
    <subfield code="i">00652092</subfield>
    <subfield code="m">CL</subfield>
    <subfield code="r">2014-07-08 00:00:00</subfield>
    <subfield code="t">BOOK</subfield>
    <subfield code="w">ddc</subfield>
    <subfield code="y">0</subfield>
  </datafield>
  <datafield tag="952" ind1=" " ind2=" ">
    <subfield code="1">0</subfield>
    <subfield code="2">2014-07-08</subfield>
    <subfield code="4">0</subfield>
    <subfield code="7">0</subfield>
    <subfield code="a">512.5 BRL</subfield>
    <subfield code="d">2014-07-08</subfield>
    <subfield code="h">CL</subfield>
    <subfield code="i">00652093</subfield>
    <subfield code="m">CL</subfield>
    <subfield code="q">2016-01-04</subfield>
    <subfield code="r">2016-06-02 00:00:00</subfield>
    <subfield code="t">BOOK</subfield>
    <subfield code="w">ddc</subfield>
    <subfield code="y">1</subfield>
  </datafield>
  <datafield tag="952" ind1=" " ind2=" ">
    <subfield code="1">0</subfield>
    <subfield code="2">2014-07-08</subfield>
    <subfield code="4">0</subfield>
    <subfield code="7">0</subfield>
    <subfield code="a">512.5 BRL</subfield>
    <subfield code="d">2014-07-08</subfield>
    <subfield code="h">EZF</subfield>
    <subfield code="i">00652094</subfield>
    <subfield code="m">SZM</subfield>
    <subfield code="o">1</subfield>
    <subfield code="q">2018-02-21</subfield>
    <subfield code="r">2018-04-16 00:00:00</subfield>
    <subfield code="t">BOOK</subfield>
    <subfield code="w">ddc</subfield>
    <subfield code="y">1</subfield>
  </datafield>
  <datafield tag="952" ind1=" " ind2=" ">
    <subfield code="1">0</subfield>
    <subfield code="2">2014-07-08</subfield>
    <subfield code="4">0</subfield>
    <subfield code="7">0</subfield>
    <subfield code="a">512.5 BRL</subfield>
    <subfield code="d">2014-07-08</subfield>
    <subfield code="h">SZM</subfield>
    <subfield code="i">00652095</subfield>
    <subfield code="m">SZM</subfield>
    <subfield code="o">1</subfield>
    <subfield code="q">2018-10-25</subfield>
    <subfield code="r">2019-09-08 00:00:00</subfield>
    <subfield code="t">BOOK</subfield>
    <subfield code="w">ddc</subfield>
    <subfield code="y">2</subfield>
  </datafield>
</record>
